| 000 | 00435nam a2200133Ia 4500 | ||
|---|---|---|---|
| 008 | 231017s9999 xx 000 0 und d | ||
| 082 | _a388.30993 | ||
| 082 | _bOFA | ||
| 245 | 0 | _aTrends in Older People's Travel Patterns Analyzing Changes in Older New Zealanders' Travel Patterns Using the Ongoing New Zealand Household Travel Survey | |
| 245 | 0 | _cCarolyn O' Fallon | |
| 260 | _bCarolyn O' Fallon | ||
| 300 | _c30cm | ||
| 942 | _cREP | ||
| 999 |
_c604331 _d604331 |
||